Sports Quiz

Random Sports or WWE Quiz

WWE PPV Opponents of Brock Lesnar Quiz Stats

 Plays Quiz Updated May 1, 2020

     
Support Sporcle.
Go Orange.
Score 0/90 Timer 11:00
32 Plays Today
Event Opponent % Correct
Crown Jewel 2021Roman Reigns
96.4%
Unforgiven 2002The Undertaker
95.9%
No Mercy
2002
The Undertaker
95.9%
Royal Rumble 2003The Undertaker
95.9%
No Mercy
2003
The Undertaker
95.9%
WrestleMania XXXThe Undertaker
95.9%
Summerslam 2015The Undertaker
95.8%
Hell in a Cell 2015The Undertaker
95.7%
Backlash
2003
John Cena
95.2%
Survivor Series 2003John Cena
95.2%
Extreme Rules 2012John Cena
95.2%
Summerslam 2014John Cena
95.2%
Night of Champ. 2014John Cena
95.2%
Royal Rumble 2015John Cena
95%
Greatest Royal RumbleRoman Reigns
95%
Summerslam 2018Roman Reigns
94.2%
Day 1 2022Seth Rollins
94%
Extreme Rules 2019Seth Rollins
93.9%
Summerslam 2019Seth Rollins
93.9%
Summerslam 2017Roman Reigns
93.7%
WrestleMania 34Roman Reigns
93.7%
WrestleMania 35Seth Rollins
93.6%
Fastlane 2016Roman Reigns
92.6%
Summerslam 2012Triple H
92.6%
WrestleMania XXIXTriple H
92.6%
Extreme Rules 2013Triple H
92.6%
WrestleMania 31Roman Reigns
91.5%
Royal Rumble 2015Seth Rollins
90.8%
WrestleMania 31Seth Rollins
90.8%
Battleground 2015Seth Rollins
90.8%
Event Opponent % Correct
Survivor Series 2016Goldberg
89%
Royal Rumble 2017Goldberg
89%
WrestleMania 33Goldberg
88.8%
Royal Rumble 2018Kane
87.5%
Money in the Bank 2019Randy Orton
87.5%
Fastlane 2016Dean Ambrose
87.1%
WrestleMania XXXIIDean Ambrose
87.1%
SummerSlam 2002The Rock
87.1%
No Way Out 2003Kurt Angle
86.7%
WrestleMania XIXKurt Angle
86.7%
Vengeance 2003Kurt Angle
86.7%
Summerslam 2003Kurt Angle
86.7%
Survivor Series 2003Kurt Angle
86.7%
Money in the Bank 2019Drew McIntyre
86.5%
Royal Rumble 2020Drew McIntyre
86.5%
WrestleMania 36Drew McIntyre
86.5%
WrestleMania XXGoldberg
86.3%
Summerslam 2016Randy Orton
85.1%
Survivor Series 2002Big Show
84.6%
Royal Rumble 2003Big Show
84.6%
Judgment Day 2003Big Show
84.6%
Vengeance 2003Big Show
84.6%
Royal Rumble 2014Big Show
84.5%
Day 1 2022Big E
83.6%
Summerslam 2017Braun Strowman
83.3%
No Mercy 2017Braun Strowman
83.3%
Royal Rumble 2018Braun Strowman
83.3%
Day 1 2022Bobby Lashley
83.3%
Day 1 2022Kevin Owens
80.3%
Survivor Series 2018Daniel Bryan
78.7%
Event Opponent % Correct
Survivor Series 2017A.J. Styles
78.3%
Summerslam 2013CM Punk
75.8%
Survivor Series 2019Rey Mysterio
75.7%
No Way Out 2004Eddie Guerrero
71.6%
Great Balls of Fire 2017Samoa Joe
70.6%
Summerslam 2017Samoa Joe
70.6%
Royal Rumble 2016Bray Wyatt
70.1%
Royal Rumble 2019Finn Bálor
69.8%
Money in the Bank 2019Finn Bálor
69.3%
Backlash
2002
Jeff Hardy
69.2%
Insurrextion 2002Jeff Hardy
69.2%
Judgment Day 2002Jeff Hardy
69.2%
Insurrextion 2002Matt Hardy
68.7%
Judgment Day 2002Matt Hardy
68.7%
Rebellion
2002
Edge
65.9%
Survivor Series 2003Chris Benoit
63%
Money in the Bank 2019Ricochet
62.4%
Super Showdown 2020Ricochet
62.4%
King Of The Ring 2002Rob Van Dam
56.6%
Vengeance 2002Rob Van Dam
56.6%
No Way Out 2003Shelton Benjamin
54.7%
Money in the Bank 2019Mustafa Ali
54.4%
No Way Out 2003Charlie Haas
49.4%
Crown Jewel 2019Cain Velasquez
47.5%
Survivor Series 2003Bradshaw
47.4%
Survivor Series 2003Hardcore Holly
46.8%
Royal Rumble 2004Hardcore Holly
46.8%
Money in the Bank 2019Baron Corbin
46.6%
King Of The Ring 2002Test
40.3%
Money in the Bank 2019Andrade
38.5%

From the Vault

Republican or Democrat?

by oldkent

History 2m
Here's the perfect chance to be retroactively partisan!
Remove Ads.
Support Sporcle.
Get the best of Sporcle when you Go Orange. This ad-free experience offers more features, more stats, and more fun while also helping to support Sporcle. Thank you for becoming a member.

Show Comments

Extras

Top Quizzes Today


Score Distribution

Your Account Isn't Verified!

In order to create a playlist on Sporcle, you need to verify the email address you used during registration. Go to your Sporcle Settings to finish the process.

Report this User

Report this user for behavior that violates our Community Guidelines.

Details: